| 000 | 00727nam a2200241 i 4500 | ||
|---|---|---|---|
| 001 | bg | ||
| 100 | 1 | _aELSOM, Derek | |
| 245 | 1 | 0 |
_aZiemia : _bciągle na nowo tworzona, formowana i tętniąca życiem planeta / _cDerek Elsom ; [tł. z ang. Hanna Turczyn-Zalewska]. |
| 246 |
_iTyt. oryg.: _aEarth |
||
| 260 |
_a[Bielsko-Biała] : _bDEBIT, _c1996. |
||
| 300 |
_a216 s. : _bfot., rys. kolor. ; _c30 cm. |
||
| 500 | _aTyt. oryg.: "Earth". | ||
| 504 | _aIndeks. | ||
| 650 | 9 | _aZiemia | |
| 700 | 1 |
_aTURCZYN-ZALEWSKA, Hanna. _eTł. |
|
| 020 | _a8371670176 | ||
| 040 | _cBPK | ||
| 041 | 1 |
_apl _hen |
|
| 080 | _a55+57:523.31](02.025.2) | ||
| 920 | _a83-7167-017-6 | ||
| 942 | _cKS | ||
| 008 | s pl f |000 0 pol | ||
| 999 |
_c31247 _d31247 |
||
| 856 |
_uhttp://koha.tu.koszalin.pl/cgi-bin/koha/opac-detail.pl?biblionumber=31247 _yKatalog online BPK |
||